| 000 | 01437nam a22002417a 4500 | ||
|---|---|---|---|
| 999 |
_c60375 _d60375 |
||
| 003 | Ge_BSU | ||
| 005 | 20230706160857.0 | ||
| 008 | 230706s2008ge xxu||||| |||| 00| 0 geo d | ||
| 020 | _a9789941121913 | ||
| 041 | _ageo | ||
| 080 | _a392(=353.1)გ-59 | ||
| 100 |
_aგოგუაძე, ვახტანგ, ავტორი. _919183 |
||
| 245 |
_aერი გულადი, პურადი... = A nation brave and bounteous : _b[ქართული ზნე-ჩვეულებები და თანამედროვეობა] / _cვახტანგ გოგუაძე ; რედაქტორი ზურაბ გაიპარაშვილი ; მხატვარი ლევან ცუცქირიძე. |
||
| 250 | _aმე-2 გამოცემა. | ||
| 264 |
_aთბილისი : _bუნივერსალი, _c2008. |
||
| 300 |
_a210 გვ. : _b ფოტ. ; _c21 სმ. |
||
| 500 | _aპირთა საძიებელი: გვ. 199-205. | ||
| 504 | _aბიბლიოგრაფია ტექსტის შენიშვნებში და გვ. 206- | ||
| 653 | _aქართული ტრადიციები. | ||
| 700 |
_aგაიპარაშვილი, ზურაბ _eრედაქტორი _98311 |
||
| 700 |
_aცუცქირიძე, ლევან _eმხატვარი _93736 |
||
| 942 |
_2udc _cBK |
||